[Event "Prva liga Centralne Srbije 2010"]
[Site "Valjevo"]
[Date "2010.09.22"]
[Round "7.5"]
[White "Brankovic, Dejan"]
[Black "Todorovic, Jovan"]
[Result "0-1"]
[WhiteElo "2343"]
[BlackElo "2417"]
[PlyCount "94"]
[EventDate "2010.09.18"]

1. e4 c5 2. Nc3 Nc6 3. f4 e6 4. Nf3 a6 5. d4 cxd4 6. Nxd4 Nxd4 7. Qxd4 b5 8. a4
b4 9. Na2 Nf6 10. Bd2 Bb7 11. Bd3 a5 12. Nc1 Qc7 13. Nb3 Qc6 14. e5 Nd5 15. Qf2
Qb6 16. Qg3 Rc8 17. Rf1 Ba6 18. Qf2 Qxf2+ 19. Rxf2 Bxd3 20. cxd3 Bc5 21. Re2
Bb6 22. Re4 d6 23. Rc4 Kd7 24. Rac1 Ne7 25. exd6 Kxd6 26. Rxc8 Rxc8 27. Rxc8
Nxc8 28. Ke2 Kd5 29. Be3 Bxe3 30. Kxe3 Nb6 31. Nxa5 Nxa4 32. Nc4 f6 33. g3 h6
34. g4 g5 35. f5 exf5 36. gxf5 h5 37. b3 Nc3 38. d4 Nb5 39. Nb6+ Kc6 40. Nc4
Nd6 41. Nb2 Kd5 42. Nd3 Nxf5+ 43. Kd2 Nxd4 44. Nxb4+ Ke4 45. Kc3 g4 46. Na6 h4
47. Nc5+ Ke3 0-1

[Event "Prva liga Centralne Srbije 2010"]
[Site "Valjevo"]
[Date "2010.09.22"]
[Round "7.5"]
[White "Mihic, Bojan"]
[Black "Dezelin, Milan"]
[Result "1/2-1/2"]
[WhiteElo "2413"]
[BlackElo "2273"]
[PlyCount "35"]
[EventDate "2010.09.18"]

1. Nf3 Nf6 2. c4 e6 3. g3 c5 4. Bg2 Nc6 5. O-O d5 6. cxd5 exd5 7. d4 h6 8. Nc3
Be6 9. Bf4 Be7 10. dxc5 Bxc5 11. Rc1 O-O 12. Ne5 Rc8 13. Na4 Bb6 14. Nxb6 Qxb6
15. Nxc6 bxc6 16. Bd6 Rfe8 17. Qc2 Ne4 18. Bxe4 1/2-1/2

[Event "Prva liga Centralne Srbije 2010"]
[Site "Valjevo"]
[Date "2010.09.22"]
[Round "7.5"]
[White "Milosevic, Aleksandar"]
[Black "Jesic, Dusan"]
[Result "1-0"]
[WhiteElo "2254"]
[BlackElo "2363"]
[PlyCount "81"]
[EventDate "2010.09.18"]

1. c4 g6 2. g3 Bg7 3. Bg2 c5 4. Nc3 Nc6 5. d3 e5 6. e3 d6 7. Nge2 Nge7 8. O-O
a6 9. b3 Be6 10. Nd5 O-O 11. Bb2 Rb8 12. Qd2 b5 13. f4 f5 14. Nxe7+ Nxe7 15.
cxb5 axb5 16. b4 Qb6 17. bxc5 Qxc5 18. d4 exd4 19. Bxd4 Bxd4 20. Nxd4 Bc4 21.
Rfd1 Rfe8 22. Rac1 Nd5 23. Bxd5+ Qxd5 24. Kf2 Ra8 25. Rc2 Ra3 26. Nb3 Qe4 27.
Rb2 h5 28. Qxd6 Qxe3+ 29. Kg2 Qe4+ 30. Kh3 Ra7 31. Nc5 Qe3 32. Nd7 Rxd7 33.
Qxd7 Bf7 34. Qd3 Qe7 35. Qd6 Qe4 36. Qd3 Qe7 37. Qd6 Qe4 38. Rd3 h4 39. Kxh4
Kg7 40. Kg5 Re6 41. Qd4+ 1-0

[Event "Prva liga Centralne Srbije 2010"]
[Site "Valjevo"]
[Date "2010.09.22"]
[Round "7.5"]
[White "Nestorovic, Lazar"]
[Black "Cvetanovic, Uros"]
[Result "0-1"]
[WhiteElo "2335"]
[BlackElo "2218"]
[PlyCount "106"]
[EventDate "2010.09.18"]

1. e4 c5 2. Nf3 e6 3. d4 cxd4 4. Nxd4 a6 5. Nc3 Qc7 6. Bd3 Nf6 7. O-O b5 8. Kh1
Bb7 9. a3 Be7 10. Qe2 d6 11. Bg5 h6 12. Bd2 Nbd7 13. f4 Nc5 14. e5 Nfd7 15.
Rae1 Nxd3 16. Qxd3 dxe5 17. fxe5 O-O 18. Qh3 Nxe5 19. Bf4 Bd6 20. Ndxb5 axb5
21. Nxb5 Qxc2 22. Nxd6 Nd3 23. Nxb7 Nxe1 24. Rxe1 Qxb2 25. Nd6 Rxa3 26. Qh4 Ra1
27. Qg3 Rxe1+ 28. Qxe1 Rb8 29. h3 Qb1 30. Qxb1 Rxb1+ 31. Kh2 f6 32. Kg3 e5 33.
Be3 Kh7 34. Kf3 Rb4 35. g4 Kg6 36. Nf5 h5 37. Ng3 hxg4+ 38. hxg4 Kf7 39. Ne4 g6
40. g5 f5 41. Nf6 Ke6 42. Bc5 Rb3+ 43. Ke2 f4 44. Ne4 Kf5 45. Nd2 Rh3 46. Be7
e4 47. Nc4 Rh2+ 48. Kf1 e3 49. Bd6 Ke4 50. Bb8 Rc2 51. Be5 f3 52. Kg1 Rc1+ 53.
Kh2 f2 0-1

[Event "Prva liga Centralne Srbije 2010"]
[Site "Valjevo"]
[Date "2010.09.22"]
[Round "7.6"]
[White "Adzic, Momcilo"]
[Black "Djokic, Nebojsa"]
[Result "1/2-1/2"]
[WhiteElo "2269"]
[BlackElo "2198"]
[PlyCount "140"]
[EventDate "2010.09.18"]

1. e4 c5 2. Nf3 Nc6 3. Bb5 g6 4. O-O Bg7 5. Re1 Nf6 6. c3 O-O 7. e5 Ne8 8. d4
cxd4 9. cxd4 Nc7 10. Ba4 d5 11. Nc3 Na5 12. Bc2 b5 13. b3 Bg4 14. h3 Bd7 15. a3
Qb8 16. Ne2 Qb6 17. Bg5 f6 18. Be3 f5 19. Qd2 Nc6 20. Rec1 Nd8 21. Bd3 Nce6 22.
g3 Nc6 23. Kg2 Na5 24. Bc2 Rac8 25. Bd1 Rxc1 26. Rxc1 Rc8 27. Rxc8+ Bxc8 28.
Ng5 Nd8 29. h4 Bf8 30. Qc3 Bd7 31. Bd2 Ndb7 32. Nf3 e6 33. Qc1 Nd8 34. h5 Nf7
35. hxg6 hxg6 36. Qc3 b4 37. axb4 Nc6 38. Qa1 Nxb4 39. Nc3 Be7 40. Na4 Qa6 41.
Qc3 Bxa4 42. bxa4 Qc6 43. Qxc6 Nxc6 44. Be2 a5 45. Bb5 Nfd8 46. Kf1 Bb4 47. Be3
Kf7 48. Ke2 Na7 49. Ba6 Be7 50. Bd2 Ndc6 51. Kd1 Ke8 52. Kc1 Kd7 53. Kb2 Kc7
54. Kb3 Kb6 55. Be2 Nd8 56. Be3 Nac6 57. Bb5 Nf7 58. Bd2 Bd8 59. Bc3 g5 60. Ne1
Kb7 61. Kc2 Bb6 62. Kd3 Nh6 63. f3 g4 64. f4 Ng8 65. Nc2 Nge7 66. Na1 Nd8 67.
Bd7 Kc7 68. Be8 Ndc6 69. Nb3 Kd8 70. Bxc6 Nxc6 1/2-1/2

[Event "Prva liga Centralne Srbije 2010"]
[Site "Valjevo"]
[Date "2010.09.22"]
[Round "7.6"]
[White "Zivanovic, Nenad"]
[Black "Rajevic, Gavrilo"]
[Result "1/2-1/2"]
[WhiteElo "2187"]
[BlackElo "2286"]
[PlyCount "145"]
[EventDate "2010.09.18"]

1. e4 c5 2. Nc3 Nc6 3. g3 g6 4. Bg2 Bg7 5. d3 d6 6. f4 e6 7. Nf3 Nge7 8. O-O
O-O 9. Be3 Nd4 10. Bf2 Nec6 11. e5 Nxf3+ 12. Bxf3 Nd4 13. Bg2 dxe5 14. fxe5
Bxe5 15. Ne4 f5 16. Nxc5 Qd6 17. b4 Nc6 18. Rb1 Bd4 19. Qd2 a5 20. c3 Bxf2+ 21.
Rxf2 axb4 22. cxb4 Ra7 23. Qf4 e5 24. Qc4+ Kg7 25. Qd5 Qe7 26. Qc4 Nd4 27. b5
b6 28. Na6 Nxb5 29. Nb4 Na3 30. Nc6 Nxc4 31. Nxe7 Rxe7 32. dxc4 Rf6 33. Rfb2
Ree6 34. Bd5 Rd6 35. Kf2 Be6 36. Rd2 Rf8 37. Rb5 Rfd8 38. a4 e4 39. Ke3 Kf6 40.
Kd4 Bd7 41. Rb4 Be6 42. Rb5 h5 43. Rdb2 Bxd5 44. cxd5 Kg5 45. Ke5 h4 46. gxh4+
Kg4 47. Rc2 e3 48. Rb4+ Kh3 49. Rb5 Kxh4 50. Re2 f4 51. Kxf4 Re8 52. Kf3 Rf6+
53. Kg2 Re4 54. h3 Rxa4 55. Rb3 Rd4 56. Rbxe3 Rxd5 57. Rb3 b5 58. Reb2 Rff5 59.
Rb4+ Kg5 60. Kg3 Rc5 61. R2b3 Kf6 62. h4 Ke6 63. Rg4 Kf7 64. Rgb4 Ke7 65. Rg4
Rf6 66. Rgb4 Rb6 67. Kf4 Kd7 68. Ke4 Rh5 69. Kd3 Kc6 70. Rg4 Kd5 71. Kc3 Kc5
72. Kb2 b4 73. Rbg3 1/2-1/2

[Event "Prva liga Centralne Srbije 2010"]
[Site "Valjevo"]
[Date "2010.09.22"]
[Round "7.6"]
[White "Rasic, Goran"]
[Black "Ilic, Aleksandar"]
[Result "1-0"]
[WhiteElo "2219"]
[BlackElo "2144"]
[PlyCount "82"]
[EventDate "2010.09.18"]

1. c4 e5 2. Nc3 Nf6 3. g3 d5 4. cxd5 Nxd5 5. Bg2 Nb6 6. Nf3 Nc6 7. d3 Be7 8.
O-O Be6 9. Bd2 O-O 10. Rc1 f6 11. a3 Qd7 12. Ne4 Bh3 13. Nc5 Bxc5 14. Rxc5 Bxg2
15. Kxg2 Rad8 16. Qb3+ Qf7 17. Qxf7+ Rxf7 18. Rfc1 Rd5 19. Be3 Rxc5 20. Rxc5
Nd7 21. Rc4 Nf8 22. Nd2 Ne6 23. Nb3 Rd7 24. Nc5 Nxc5 25. Rxc5 a6 26. f4 Kf7 27.
fxe5 Nxe5 28. Bf4 b6 29. Rc3 c5 30. Be3 Rd5 31. b4 cxb4 32. axb4 Rb5 33. Bd2 a5
34. d4 Nd7 35. bxa5 bxa5 36. Rc7 Ke6 37. Kf3 Rb3+ 38. Kf2 a4 39. Ra7 a3 40. d5+
Kxd5 41. Rxd7+ Kc4 1-0